| 000 | 00658nam a2200217Ia 4500 | ||
|---|---|---|---|
| 005 | 20250508152710.0 | ||
| 008 | 008 250505s9999 xx 000 0 eng d | ||
| 037 | _aTextual | ||
| 040 |
_aFEDL _beng _cFEDL |
||
| 041 |
_aeng _2eng |
||
| 084 |
_a371.33, WIT _qFEDL |
||
| 100 |
_aWittich Walter Arno _9760591 |
||
| 245 | 0 | _aAudio - visual materials : Their nature and use | |
| 250 | _a2 | ||
| 260 |
_aNew York, USA _bHarper and Brothers Publishers _c1957 |
||
| 300 | _axxvii,570p | ||
| 490 | _aExploration series in education | ||
| 700 |
_a Schuller Charles Francis _9762179 |
||
| 942 |
_cTEXL _h371.33, WIT |
||
| 999 |
_c1338129 _d1338129 |
||